00798nam a2200205 a 450000100100000000500170001000800410002702000150006804000250008308200090010824000650011724501150018225000110029726000650030830000210037350000280039470000440042295201090046699900170057500003716920200930080202.0120221s1981 mx 000 0 spa d a9681300173 aDO-SdBNPbspacBNPHU axxxx00aCommon secretarial mistake and how to avonid themlEspañol00aLos errores más comunes de las secretarias y formas de evitarlos. /ctraducción Mario Bracamonte Cantolla. a4a ed. aMéxico :bDianabCuerpo Editorial de prentice Hall,c1981. a120 p. ;c22 cm. aTraduccido del inglés1 aBracamonte Cantolla, Mario,etr.963581 001050718MOaGRbGRcCTd2012-02-21iLF1l0oxxxx p37169-10r2020-06-25w2020-06-25y1ZNo se presta c36659d36659